书目信息 |
| 题名: |
无机化学实验与指导
|
|
| 作者: | 王越 主编 | |
| 分册: | ||
| 出版信息: | 北京 中国医药科技出版社 2019.12 |
|
| 页数: | 231页 | |
| 开本: | 29cm | |
| 丛书名: | 全国高等医药院校药学类专业第二轮实验双语教材 | |
| 单 册: | ||
| 中图分类: | O61-33 | |
| 科图分类: | ||
| 主题词: | 无机化学--wu ji hua xue--化学实验--双语教学--医学院校--教学参考资料 | |
| 电子资源: | ||
| ISBN: | 978-7-5214-1409-7 | |
| 000 | 01440nam 2200301 450 | |
| 001 | 2054868755 | |
| 005 | 20201105151435.84 | |
| 010 | @a978-7-5214-1409-7@dCNY38.00 | |
| 100 | @a20200327d2019 em y0chiy50 ea | |
| 101 | 0 | @achi |
| 102 | @aCN@b110000 | |
| 105 | @aak z 000yy | |
| 200 | 1 | @a无机化学实验与指导@Awu ji hua xue shi yan yu zhi dao@f主编王越 |
| 205 | @a第3版 | |
| 210 | @a北京@c中国医药科技出版社@d2019.12 | |
| 215 | @a231页@c图@d29cm | |
| 225 | 2 | @a全国高等医药院校药学类专业第二轮实验双语教材@Aquan guo gao deng yi yao yuan xiao yao xue lei zhuan ye di er lun shi yan shuang yu jiao cai |
| 225 | 2 | @a普通高等教育“十一五”国家级规划教材@Apu tong gao deng jiao yu “ shi yi wu ” guo jia ji gui hua jiao cai |
| 312 | @a英文题名取自封面 | |
| 330 | @a“全国高等医药院校药学类实验双语教材”为中国药科大学校本教材, 是中英文对照实验类教材。本套教材于2006-2010年间由中国医药科技出版社出版, 2015-2016年间有部分教材启动修订工作, 目前本套教材共23门。考虑到教材内容更新及往年使用情况, 启动修订工作, 本次修订其中18门。 | |
| 410 | 0 | @12001 @a全国高等医药院校药学类专业第二轮实验双语教材 |
| 410 | 0 | @12001 @a普通高等教育“十一五”国家级规划教材 |
| 510 | 1 | @aExperiment and guidance for inorganic chemistry@zeng |
| 606 | 0 | @a无机化学@Awu ji hua xue@x化学实验@x双语教学@x医学院校@j教学参考资料 |
| 690 | @aO61-33@v5 | |
| 701 | 0 | @a王越@Awang yue@4主编 |
| 801 | 0 | @aCN@b人天书店@c20201004 |
| 905 | @aZUCC@dO61-33@eW441 | |
| 无机化学实验与指导/主编王越.-第3版.-北京:中国医药科技出版社,2019.12 |
| 231页:图;29cm.-(全国高等医药院校药学类专业第二轮实验双语教材).-(普通高等教育“十一五”国家级规划教材) |
| ISBN 978-7-5214-1409-7:CNY38.00 |
| “全国高等医药院校药学类实验双语教材”为中国药科大学校本教材, 是中英文对照实验类教材。本套教材于2006-2010年间由中国医药科技出版社出版, 2015-2016年间有部分教材启动修订工作, 目前本套教材共23门。考虑到教材内容更新及往年使用情况, 启动修订工作, 本次修订其中18门。 |
| ● |
| 相关链接 |
|
|
|
正题名:无机化学实验与指导
索取号:O61-33/W441
 
预约/预借
| 序号 | 登录号 | 条形码 | 馆藏地/架位号 | 状态 | 备注 |
| 1 | 1479568 | 214795685 | 自科库401/401自科库 92排1列1层/ [索取号:O61-33/W441] | 在馆 | |
| 2 | 1479569 | 214795694 | 自科库401/401自科库 92排1列1层/ [索取号:O61-33/W441] | 在馆 |